000 00439nam a22001817a 4500
003 MPLRDC
005 20220104142658.0
008 210129b ||||| |||| 00| 0 eng d
082 _a310.7 ZJZ
100 _a张景中
245 _a帮你学集合
_c
250 _a一版一刷
260 _a
_b中国少年儿童出版社
_c1984
300 _b
490 _a少年百科丛书
650 _a数学总论
942 _cBK
_o310.7 ZJZ
999 _c32825
_d32815